| 000 | 00634nam a2200193Ia 4500 | ||
|---|---|---|---|
| 999 |
_c1408 _d1408 |
||
| 003 | OSt | ||
| 005 | 20201119103445.0 | ||
| 008 | 190216s9999||||xx |||||||||||||| ||und|| | ||
| 020 | _a0876922019 | ||
| 040 | _coclc | ||
| 082 |
_a574.873223 _bSWA/C |
||
| 100 |
_aSwanson, Carl P _96756 |
||
| 245 | 0 |
_aCytogenetics : _bThe Chromosome in Division, Inheritance And Evolution / _cCarl P Swanson ; Timothy Merz ; William J Young |
|
| 250 | _a2nd Ed. | ||
| 260 |
_bPrentice Hall Of India Pvt Ltd, _c1988. _aNew Delhi: |
||
| 300 | _a577p | ||
| 650 | _aBotany | ||
| 942 |
_cBK _2ddc _h574.873223 _iSWA/C _k574.873223 _mSWA/C |
||